Introduction to machine learning with Python : (Record no. 609795)

000 -LEADER
fixed length control field 02294cam a22003737i 4500
020 ## - INTERNATIONAL STANDARD BOOK NUMBER
International Standard Book Number 9781449369415
020 ## - INTERNATIONAL STANDARD BOOK NUMBER
International Standard Book Number 1449369413
082 04 - DEWEY DECIMAL CLASSIFICATION NUMBER
Classification number 005.133
Author Mark MUL
100 1# - MAIN ENTRY--PERSONAL NAME
Personal name Müller, Andreas C.,
Relator term author.
245 10 - TITLE STATEMENT
Title Introduction to machine learning with Python :
Remainder of title a guide for data scientists /
Statement of responsibility, etc. Andreas C. Müller and Sarah Guido.
250 ## - EDITION STATEMENT
Edition statement First edition.
260 ## - PUBLICATION, DISTRIBUTION, ETC.
Place of publication, distribution, etc. Beijing:
Name of publisher, distributor, etc. Oreilly Media,Inc;
Date of publication, distribution, etc. 2017.
300 ## - PHYSICAL DESCRIPTION
Extent xii, 376 pages :
Other physical details illustrations ;
Dimensions 24 cm
563 ## - BINDING INFORMATION
Binding note PB.
650 #0 - SUBJECT ADDED ENTRY--TOPICAL TERM
Topical term or geographic name entry element Python (Computer program language)
650 #0 - SUBJECT ADDED ENTRY--TOPICAL TERM
Topical term or geographic name entry element Programming languages (Electronic computers)
650 #0 - SUBJECT ADDED ENTRY--TOPICAL TERM
Topical term or geographic name entry element Data mining.
650 #7 - SUBJECT ADDED ENTRY--TOPICAL TERM
Topical term or geographic name entry element Data mining.
650 #7 - SUBJECT ADDED ENTRY--TOPICAL TERM
Topical term or geographic name entry element Programming languages (Electronic computers)
650 #7 - SUBJECT ADDED ENTRY--TOPICAL TERM
Topical term or geographic name entry element Python (Computer program language)
650 #7 - SUBJECT ADDED ENTRY--TOPICAL TERM
Topical term or geographic name entry element Maschinelles Lernen
650 #7 - SUBJECT ADDED ENTRY--TOPICAL TERM
Topical term or geographic name entry element E-BOOKBANK.SEECSTEXTBOOK
700 1# - ADDED ENTRY--PERSONAL NAME
Personal name Guido, Sarah,
856 ## - Uniform Resource Identifier
Uniform Resource Identifier <a href="http://10.250.8.41:8080/xmlui/handle/123456789/41792">http://10.250.8.41:8080/xmlui/handle/123456789/41792</a>
942 ## - ADDED ENTRY ELEMENTS (KOHA)
Source of classification or shelving scheme
Koha item type Book
650 #0 - SUBJECT ADDED ENTRY--TOPICAL TERM
-- 3683
650 #7 - SUBJECT ADDED ENTRY--TOPICAL TERM
-- 125485
650 #7 - SUBJECT ADDED ENTRY--TOPICAL TERM
-- 3683
650 #7 - SUBJECT ADDED ENTRY--TOPICAL TERM
-- 125486
650 #7 - SUBJECT ADDED ENTRY--TOPICAL TERM
-- 34971
650 #7 - SUBJECT ADDED ENTRY--TOPICAL TERM
-- 125472
700 1# - ADDED ENTRY--PERSONAL NAME
-- 123679
Holdings
Withdrawn status Lost status Source of classification or shelving scheme Damaged status Not for loan Permanent Location Current Location Date acquired Source of acquisition Total Checkouts Total Renewals Full call number Barcode Checked out Date last seen Date last checked out Price effective from Koha item type Non-public note
          Central Library (CL) Central Library (CL) 06/13/2024 Golden Books Lahore 1 5 005.133 MUL CL-1565 03/27/2025 11/13/2024 11/13/2024 06/13/2024 Book  
          Central Library (CL) Central Library (CL) 06/27/2024       280 SCB SCB-1565   06/27/2024   06/27/2024 Book  
          US-Pakistan Center for Advanced Studies in Energy (USPCAS-E) US-Pakistan Center for Advanced Studies in Energy (USPCAS-E) 04/08/2026       005.133 MUL 2016 CAS-E0005721   04/08/2026   04/08/2026 Book Photocopy
          US-Pakistan Center for Advanced Studies in Energy (USPCAS-E) US-Pakistan Center for Advanced Studies in Energy (USPCAS-E) 04/08/2026       005.133 MUL 2016 CAS-E0005722   04/08/2026   04/08/2026 Book Photocopy
          US-Pakistan Center for Advanced Studies in Energy (USPCAS-E) US-Pakistan Center for Advanced Studies in Energy (USPCAS-E) 04/08/2026       005.133 MUL 2016 CAS-E0005723   04/08/2026   04/08/2026 Book Photocopy
          US-Pakistan Center for Advanced Studies in Energy (USPCAS-E) US-Pakistan Center for Advanced Studies in Energy (USPCAS-E) 04/08/2026       005.133 MUL 2016 CAS-E0005750   04/08/2026   04/08/2026 Book Photocopy
          US-Pakistan Center for Advanced Studies in Energy (USPCAS-E) US-Pakistan Center for Advanced Studies in Energy (USPCAS-E) 04/08/2026       005.133 MUL 2016 CAS-E0005751   04/08/2026   04/08/2026 Book Photocopy
© 2023 Central Library, National University of Sciences and Technology. All Rights Reserved.